The live longer now quick weight-loss program : by Jon N. Leonard.

Bibliographic Details
Main Author: Leonard, Jon N.
Format: Book
Language:English
Published: New York : Grosset & Dunlap, [1980]
Subjects:

MARC

Tag First Indicator Second Indicator Subfields
LEADER 00000cam a2200000 i 4500
001 in00000990200
005 20150927180146.0
008 800724s1980 nyua b 00110 eng
010 |a  79087440  
020 |a 0448143372 :  |c $12.95 ($16.95 Can) 
035 |a (OCoLC)06334373 
035 |9 AEY9341AM 
040 |a DLC  |c DLC  |d m.c.  |d TXA  |d UtOrBLW 
049 |a TXAM 
050 0 0 |a RM222.2  |b .L4247 
082 0 |a 613.2/5  |2 19 
100 1 |a Leonard, Jon N. 
245 1 4 |a The live longer now quick weight-loss program :  |b by Jon N. Leonard. 
264 1 |a New York :  |b Grosset & Dunlap,  |c [1980] 
264 4 |c ©1980 
300 |a 243 pages :  |b illustrations ;  |c 24 cm. 
336 |a text  |b txt  |2 rdacontent 
337 |a unmediated  |b n  |2 rdamedia 
338 |a volume  |b nc  |2 rdacarrier 
504 |a Includes bibliographical references and indexes. 
650 0 |a Reducing diets. 
650 0 |a Longevity  |x Nutritional aspects. 
650 0 |a Reducing diets  |v Recipes. 
740 0 |a Quick weight-loss program. 
999 |a MARS 
999 f f |s c0fa9f35-65a3-3da3-8e58-17face869316  |i bc57d424-7909-3de9-ad90-7965405fb932  |t 0 
952 f f |p ric  |a Texas A&M University  |b Rellis Campus  |c Joint Library Facility  |d Remote Storage  |t 0  |e RM222.2 .L4247  |h Library of Congress classification  |i unmediated -- volume  |m A14813770637 
998 f f |a RM222.2 .L4247  |t 0  |l Remote Storage